| 000 | 00584nam a2200193Ia 4500 | ||
|---|---|---|---|
| 008 | 140321s9999 xx 000 0 und d | ||
| 020 | _a9789814352574 | ||
| 050 |
_aQA 76.73.J38 _b.F247j 2012 |
||
| 100 | _aFarrell, Joyce | ||
| 245 |
_aJava programming : _bconcepts and applications / _cJoyce Farrell. |
||
| 250 | _a2nd ed. | ||
| 260 |
_aPhilippines : _bCengage Learning, _cc2012. |
||
| 300 |
_a876 p. : _c23 cm. |
||
| 500 | _aIncludes bibliographical references and index. | ||
| 521 | _aIT | ||
| 650 | _aJava (Computer program language). | ||
| 942 |
_kLOC _cBK |
||
| 999 |
_c48343 _d48343 |
||